书目信息 |
| 题名: |
现代道路路基路面工程
|
|
| 作者: | 尤晓暐 主编 | |
| 分册: | ||
| 出版信息: | 北京 清华大学出版社 2004.11 |
|
| 页数: | 11,444页 | |
| 开本: | 26cm | |
| 丛书名: | 新世纪现代交通类专业系列教材 | |
| 单 册: | ||
| 中图分类: | U416 | |
| 科图分类: | ||
| 主题词: | 公路路基--道路工程--高等学校--教材 , 路面--道路工程--高等学校--教材 | |
| 电子资源: | ||
| ISBN: | 7-81082-416-3 | |
| 000 | 01061nam 2200277 450 | |
| 001 | 0153111595 | |
| 005 | 20120417161927.96 | |
| 010 | @a7-81082-416-3@d39.00CNY | |
| 100 | @a20050404d2004 km y0chiy0120 ea | |
| 101 | 0 | @achi |
| 102 | @aCN@b110000 | |
| 105 | @aa a 000yy | |
| 200 | 1 | @a现代道路路基路面工程@Axian dai dao lu lu ji lu mian gong cheng@f尤晓暐主编@Fyou xiao wei zhu bian |
| 210 | @a北京@c清华大学出版社@a北京@c北京交通大学出版社@d2004.11 | |
| 215 | @a11,444页@c图@d26cm | |
| 225 | 2 | @a新世纪现代交通类专业系列教材 |
| 320 | @a有书目。 | |
| 330 | @a本书内容包括:总论,路基的强度和稳定性,路基排水设计,挡土墙设计,行车荷载,沥青路面设计,水泥混凝土路面,路面评定与管理,路基路面工程的养护与维修等。 | |
| 410 | 0 | @12001 @a新世纪现代交通类专业系列教材 |
| 517 | 1 | @a道路路基路面工程@Adao lu lu ji lu mian gong cheng |
| 606 | 0 | @a公路路基@x道路工程@x高等学校@x教材 |
| 606 | 0 | @a路面@x道路工程@x高等学校@x教材 |
| 690 | @aU416@v4 | |
| 701 | 0 | @a尤晓暐@Ayou xiao wei@4主编 |
| 801 | 0 | @aCN@bRULIN@c20050628 |
| 905 | @a10447@dU416@eY671 | |
| 现代道路路基路面工程/尤晓暐主编.-北京:清华大学出版社;北京:北京交通大学出版社,2004.11 |
| 11,444页:图;26cm .-(新世纪现代交通类专业系列教材) |
| ISBN 7-81082-416-3:39.00CNY |
| 本书内容包括:总论,路基的强度和稳定性,路基排水设计,挡土墙设计,行车荷载,沥青路面设计,水泥混凝土路面,路面评定与管理,路基路面工程的养护与维修等。 |
| ● |
| 相关链接 |
|
|
|
正题名:现代道路路基路面工程
索取号:U416/Y671
 
预约/预借
| 序号 | 登录号 | 条形码 | 馆藏地/架位号 | 状态 | 备注 |
| 1 | 485194 | 204851945 | 土木与交通工程学院资料室/ [索取号:U416/Y671] | 在馆 | |
| 2 | 521852 | 205218520 | 自科库501/ [索取号:U416/Y671] | 在馆 | |
| 3 | 521853 | 205218539 | 土木与交通工程学院资料室/土木与交通学院资料室 1排1列1层/ [索取号:U416/Y671] | 在馆 | |
| 4 | 521854 | 205218548 | 自科库501/501自科库 52排7列1层/ [索取号:U416/Y671] | 在馆 | |
| 5 | 531848 | 205318486 | 期刊室512/501自科库 52排7列1层/ [索取号:U416/Y671] | 在馆 | |
| 6 | 531849 | 205318495 | 土木与交通工程学院资料室/土木与交通学院资料室 1排1列1层/ [索取号:U416/Y671] | 在馆 | |
| 7 | 531850 | 205318501 | 土木与交通工程学院资料室/土木与交通学院资料室 1排1列1层/ [索取号:U416/Y671] | 在馆 | |
| 8 | 548567 | 205485679 | 自科库501/501自科库 52排7列1层/ [索取号:U416/Y671] | 在馆 | |
| 9 | 548568 | 205485688 | 期刊室512/501自科库 52排7列1层/ [索取号:U416/Y671] | 在馆 | |
| 10 | 548569 | 205485697 | 自科库501/501自科库 52排7列1层/ [索取号:U416/Y671] | 在馆 |